Một năm ở thiên đường : Tuyển tập truyện ngắn Nga đương đại /

সংরক্ষণ করুন:
গ্রন্থ-পঞ্জীর বিবরন
অন্যান্য লেখক: Đào Minh Hiệp (dịch.), Artsybashev, A., Obrazsov, A., Phan Bạch Châu (dịch.), Polianxkaia, A., Simchenko, V.
বিন্যাস: Sách giấy
ভাষা:Vietnamese
Russian
প্রকাশিত: H. : Hội nhà văn, 2019.
বিষয়গুলি:
ট্যাগগুলো: ট্যাগ যুক্ত করুন
কোনো ট্যাগ নেই, প্রথমজন হিসাবে ট্যাগ করুন!
Thư viện lưu trữ: Thư viện Trường Đại học Đà Lạt
LEADER 01197nam a2200397 4500
001 DLU210196351
005 ##20210513
020 # # |a 9786045362105 
040 # # |a DLU  |b vie 
041 # # |a vie  |h rus 
044 # # |a vn 
082 # # |a 891.73  |b Mot 
245 # # |a Một năm ở thiên đường :  |b Tuyển tập truyện ngắn Nga đương đại /  |c A. Obrazsov,... [et. al.]; Phan Bạch Châu, Đào Minh Hiệp dịch. 
260 # # |a H. :  |b Hội nhà văn,  |c 2019. 
300 # # |a 471 tr. ;  |c 22 cm. 
650 # # |a Truyện ngắn Nga  |y Thế kỷ 20. 
650 # # |a Truyện ngắn Nga  |y Thế kỷ 21. 
650 # # |a Văn học Nga  |y Thế kỷ 20. 
650 # # |a Văn học Nga  |y Thế kỷ 21. 
700 # # |a Đào Minh Hiệp,  |e dịch. 
700 # # |a Artsybashev, A. 
700 # # |a Obrazsov, A. 
700 # # |a Phan Bạch Châu,  |e dịch. 
700 # # |a Polianxkaia, A. 
700 # # |a Simchenko, V. 
923 # # |a 03/2020 
991 # # |a SH 
992 # # |a 196000 
994 # # |a DLU 
900 # # |a True 
911 # # |a Nguyễn Thanh Hương 
925 # # |a G 
926 # # |a A 
927 # # |a SH 
980 # # |a Thư viện Trường Đại học Đà Lạt